000 00930nam a2200277 a 4500
001 000045261
003 DO-SdBNP
005 20230213125437.0
007 ta
008 150219s1980 dr ag r 000 0 spa d
020 _a848401035X
040 _aDO-SdBNP
_bspa
_cBNPHU
082 4 _a784.624
_bJ61p
_222
100 1 _aJiménez, R. Emilio,
_d1886-1970.
_973288
245 1 3 _aLa patria en la canción :
_bobra graduada de canto coral en cuatro series /
_cRamón Emilio Jiménez.
260 _aSanto Domingo :
_bEditora de Santo Domingo,
_c1980.
300 _a348 p. :
_bilustraciones, música. ;
_c25 cm.
490 1 _aSociedad dominicana de bibliófilos
490 1 _aCultura dominicana
_v38
590 _aInventariado, 2021 / DG
650 4 _aCanciones escolares dominicanas
_935059
830 0 _aSociedad dominicana de bibliófilos
_973289
830 0 _aCultura dominicana.
_n38
_973290
910 _aD/G
942 _2ddc
_cLBS1
999 _c44750
_d44750